Más cuentos y relatos del folclor afrocolombiano (Record no. 59913)

MARC details
000 -LEADER
campo de control de longitud fija 01506nac a22002777a 4500
003 - IDENTIFICADOR DE NÚMERO DE CONTROL
campo de control Co-PeBPM
005 - FECHA Y HORA DE LA ÚLTIMA TRANSACCIÓN
campo de control 20240830152305.0
007 - CAMPO FIJO DE DESCRIPCIÓN FÍSICA--INFORMACIÓN GENERAL
campo de control de longitud fija ta
008 - DATOS DE LONGITUD FIJA--INFORMACIÓN GENERAL
campo de control de longitud fija 240830s2023 ck a|||| |||| 00| 0 spa d
020 ## - NÚMERO INTERNACIONAL ESTÁNDAR DEL LIBRO
Número Internacional Estándar del Libro 9789587535372
040 ## - FUENTE DE CATALOGACIÓN
Centro catalogador/agencia de origen Co-PeBPM
Lengua de catalogación spa
Centro/agencia transcriptor Co-PeBPM
Normas de descripción rda
082 04 - NÚMERO DE LA CLASIFICACIÓN DECIMAL DEWEY
Número de clasificación (i) Co863 C965c
Número de edición 22
245 10 - MENCIÓN DEL TÍTULO
Título Más cuentos y relatos del folclor afrocolombiano
Mención de responsabilidad, etc. / Ilustrado por Cinthya Espitia
250 ## - MENCION DE EDICION
Mención de edición Edición especial
260 ## - PUBLICACIÓN, DISTRIBUCIÓN, ETC.
Lugar de publicación, distribución, etc. Bogotá, Colombia
Nombre del editor, distribuidor, etc. : Ministerio de Cultura,
Fecha de publicación, distribución, etc. 2023
300 ## - DESCRIPCIÓN FÍSICA
Extensión 31 páginas
Otras características físicas ilustraciones a color
Dimensiones 27 centímetros
490 ## - MENCIÓN DE SERIE
Mención de serie Leer es mi Cuento
Designación de volumen o secuencia 53
500 ## - NOTA GENERAL
Nota general Incluye índice
500 ## - NOTA GENERAL
Nota general Edición Especial. Colección de actualización bibliográfica para la Red de Bibliotecas Públicas del Ministerio de Cultura, Plan Nacional de Lectura, escritura y oralidad. Leer es mi Cuento, 2023
520 ## - RESUMEN, ETC.
Sumario, etc. La grandeza social y cultural afrocolombiana es el resultado entre otras cosas, de su asombrosa capacidad para reunir en cada una de sus expresiones los más diversos matices de su cotidianidad, sus relatos y leyendas, la originalidad y el poder evocador de sus comunidades. En este libro se reúnen algunas de sus más reconocidas tradiciones orales para acompañar a los primeros lectores en sus textos de formación. Tomado de contracubierta del libro
650 14 - PUNTO DE ACCESO ADICIONAL DE MATERIA--TÉRMINO DE MATERIA
Término de materia o nombre geográfico como elemento de entrada Cuentos colombianos
Fuente del encabezamiento o término Lemb
650 14 - PUNTO DE ACCESO ADICIONAL DE MATERIA--TÉRMINO DE MATERIA
Término de materia o nombre geográfico como elemento de entrada Relatos colombianos
Fuente del encabezamiento o término Lemb
650 14 - PUNTO DE ACCESO ADICIONAL DE MATERIA--TÉRMINO DE MATERIA
Término de materia o nombre geográfico como elemento de entrada Folclor y niños
Fuente del encabezamiento o término Lemb
700 ## - ENTRADA AGREGADA--NOMBRE PERSONAL
Nombre de persona Espitia, Cinthya
Término indicativo de función/relación ilustradora
942 ## - ELEMENTOS DE ENTRADA SECUNDARIOS (KOHA)
Fuente del sistema de clasificación o colocación Clasificación Decimal Dewey
Tipo de ítem Koha Libros
Suprimir en OPAC No
Holdings
Estatus retirado Estado de pérdida Fuente del sistema de clasificación o colocación Estado de daño No para préstamo Biblioteca de origen Biblioteca actual Fecha de adquisición Fuente de adquisición Total de préstamos Signatura topográfica completa Código de barras Visto por última vez Copia número Precio de reemplazo Tipo de ítem Koha
    Clasificación Decimal Dewey     BIBLIOTECA PÚBLICA MUNICIPAL RAMON CORREA MEJIA BIBLIOTECA PÚBLICA MUNICIPAL RAMON CORREA MEJIA 30/08/2023 Donación   (i) Co863 C965c 60259 30/08/2024 Ej.1 30/08/2024 Libros
    Clasificación Decimal Dewey     BIBLIOTECA PÚBLICA MUNICIPAL RAMON CORREA MEJIA BIBLIOTECA PÚBLICA MUNICIPAL RAMON CORREA MEJIA 30/08/2023 Donación   (i) Co863 C965c 60260 30/08/2024 Ej.2 30/08/2024 Libros

Powered by Koha